000 01252nam a22003497a 4500
003 CHAP
005 20250214091812.0
008 971013s1988 r 00010 d
010 _a69990
011 _a70962
035 _a80516
040 _cCHAP
090 _aTesis
100 1 0 _aCaamal Cauich, Ignacio
_916527
245 _aCooperativismo ejidal en México
_b: La Coalición de Ejidos Colectivos de los Valles del Yaqui y Mayo, Sonora
260 _aChapingo, Méx. :
_bEl autor,
_c1988
300 _a197 h.
502 _aTesis (M. C. Esp. en Economía del Desarrollo Rural) -- UACH. Departamento de Economía Agrícola
590 _aALEPH
_b10
_c20130110
_lUCH01
_h1409
590 _aBATCH-UPD
_b10
_c20130110
_lUCH01
_h0257
590 _aBATCH-UPD
_b10
_c20130110
_lUCH01
_h1827
590 _aBATCH-UPD
_b10
_c20130410
_lUCH01
_h1504
590 _aBATCH-UPD
_b10
_c20130913
_lUCH01
_h2138
590 _aCONVERSION
_b10
_c20130109
_lUCH01
_h1338
650 1 4 _aAgricultura cooperativa
_zSonora.
_91995
650 1 4 _aEjidos
_xSonora.
_936030
710 0 _aUACH. Departamento de Economía Agrícola.
_9115862
901 _aBK
942 _cFOLL
949 _bBC
_cTES
_d-33420
_eTS1
_h21144
_i80516
_si
949 _bBC
_cTES
_d-69828
_eTS2
_fc.2
_h27325
_i80516
_si
999 _c69990
_d69990